000 00830nam a22002057a 4500
005 20240909111140.0
010 _aENG-141550
020 _c1000.00
_a9788192453460
035 _aEN-125082
037 _bDBAD
082 _a025.4
_b1
245 _aLibrary Landscape of Future:
_bCommemoration volume in Honor of Prof. G.S.katti/
_cedited by : Ashwani A. Vaishnav
_hEnglish
250 _a1
260 _aAurangabad
_bLibrary and information science acadmy
_c2016
270 _bAurangabad
_ac/o A4, Akshay Garden Apartment,Devanagri,Shahanoorwadi
_e431005
_k9422712183
300 _axxIII,567p.
_c21cm(pbk)
500 _a(Commemoration volume in Honor of Prof. G.S.katti)
700 _cEd. by Ashwani A. Vaishnav,R.S.Balekar ;ASS Ed N.B.Kamble
_eeditor and associate editor
_970838
942 _2ddc
_cEN
_h025.4
_mLIB
999 _c205459
_d205459